| 000 | 00586nam a2200229Ia 4500 | ||
|---|---|---|---|
| 008 | 180523s9999 xx 000 0 und d | ||
| 020 | _a971-23-3739-1 | ||
| 050 | _aMAIN RA 645.35 | ||
| 050 | _b.Z83 2003 | ||
| 100 | _aZucker, Elana D. | ||
| 245 | 4 | _aThe Caregiver's resourcebook / | |
| 245 | 0 | _cElana D. Zucker. | |
| 250 | _a5th Edition | ||
| 260 | _aSingapore : | ||
| 260 | _bPearson Education South Asia, | ||
| 260 | _c2003 | ||
| 300 | _a405 pages : | ||
| 300 | _billustrations ; | ||
| 300 | _c27 cm. | ||
| 500 | _aIncludes index. | ||
| 650 | _aHealth care services. | ||
| 999 |
_c357618 _d357618 |
||